| 000 | 00852nam a22001937a 4500 | ||
|---|---|---|---|
| 003 | CEME | ||
| 005 | 20210628201748.0 | ||
| 008 | 210204b xxu||||| |||| 00| 0 eng d | ||
| 020 | _a1-58488-532-7 | ||
| 040 | _c. | ||
| 082 | _a621.3848 MAH | ||
| 100 |
_aMahafza, Bassem.R _956714 |
||
| 245 | _aRadar systems analysis and desing unsing matlab | ||
| 250 | _a2ND | ||
| 260 |
_aNEW YORK _bCHAMPMAN & HALL _c2005 |
||
| 300 | _a638P | ||
| 650 |
_aRADAR, SYSTEM ANALYSIS-DATA PROCESSING , MATLAB.RADAR FUNDAMENTALS.SIGNAL PROCESSING.WAVE AND PULSED RADARS.RADAR DETECTION.RADAR WAVEFORMS.MATCHED FILTER AND RADAR AMBIGUITY FUNCTION.PULSE COMPRESSION.RADAR WAVE PROPAGATION.CLUTTER AND MOVING TARGET INDICATOR.MTI.RADAR ANTENNAS.TARGET TRACKING.SYNTHETIC APERTURE RADAR.RADAR CROSS SECTION.RCS.MATLAB PROGRAM AND FUNCTION NAME _956715 |
||
| 942 |
_cBK _2ddc |
||
| 999 |
_c567076 _d567076 |
||